Stem cells / (Record no. 40826)

MARC details
000 -LEADER
fixed length control field 00796nam a22002174a 4500
005 - DATE AND TIME OF LATEST TRANSACTION
control field 20100811103246.0
010 ## - LCCN (DPL NO)
LC control number ENG-99486
020 ## - INTERNATIONAL STANDARD BOOK NUMBER
Terms of availability 120.00
International Standard Book Number 9789350011119
035 ## - SYSTEM CONTROL NUMBER
System control number EN-83018
037 ## - SOURCE OF ACQUISITION
Source of stock number/acquisition DBAD/PUB
082 ## - DEWEY DECIMAL CLASSIFICATION NUMBER
Classification number 571.835
100 ## - MAIN ENTRY--PERSONAL NAME
Personal name Mary, B. Gijilet
245 ## - TITLE STATEMENT
Title Stem cells /
Statement of responsibility, etc by B. Gijilet Mary
260 ## - PUBLICATION, DISTRIBUTION, ETC. (IMPRINT)
Place of publication, distribution, etc Perambalur
Name of publisher, distributor, etc Mercury Publishers
Date of publication, distribution, etc 2009
270 ## - ADDRESS
Address Mercury Publishers
Postal code 621212
City Perambalur
300 ## - PHYSICAL DESCRIPTION
Extent 168 p.
Dimensions 20 cm (Pbk)
650 ## - SUBJECT ADDED ENTRY--TOPICAL TERM
Topical term or geographic name as entry element Stem cells
650 ## - SUBJECT ADDED ENTRY--TOPICAL TERM
Topical term or geographic name as entry element Biology
942 ## - ADDED ENTRY ELEMENTS (KOHA)
Source of classification or shelving scheme Dewey Decimal Classification
Item type English Books
Call number suffix MAR
Classification part 571.835
Holdings
Withdrawn status Lost status Not for loan Collection code Home library Current library Date acquired Cost, normal purchase price Full call number Barcode Copy number Cost, replacement price Koha item type
    Not For Loan Non-fiction D.B.Act.Division D.B.Act.Division 11/08/2010 120.00 571.835 MAR EN-83018 1 120.00 English Books

© Delhi Public Library
Hit Counter
free hit counter